Normal view
MARC view
Entry Personal Name
001 - CONTROL NUMBER
- control field: 634946
003 - CONTROL NUMBER IDENTIFIER
- control field: OSt
005 - DATE AND TIME OF LATEST TRANSACTION
- control field: 20221005124250.0
008 - FIXED-LENGTH DATA ELEMENTS
- fixed length control field: 221005|| aca||aabn | a|a d
040 ## - CATALOGING SOURCE
- Original cataloging agency: OSt
- Transcribing agency: OSt
100 ## - HEADING--PERSONAL NAME
- Personal name: Winlock H.E
670 ## - SOURCE DATA FOUND
- Source citation: Work cat.: (OSt)1049935: Winlock H.E., Models of daily life in ancient Egypt from the Tomb of Meket-Re at Thebes, 1955
